000 00560nam a2200181 a 4500
005 20140412111230.0
008 020412s19uu xx 00 eng d
020 _a0-89565-693-0
050 _aTR(PS E
_bNa11 1988
100 _aMoncure, Jane Belk
245 _aNanny goat's boat :
_ba book of rhyming /
_cby Jane Belk Moncure; illustrated by Joy Friedman.
260 _aMankato, Minnesota :
_bThe Child's World Inc,
_c1988.
300 _a30 p. ; ill.
440 _aMagic Castle Readers
650 _aRhymes
650 _aChildren stories
999 _c102147
_d102147